Language Quiz

Random Language or Puzzle Quiz

Word Wheels Quiz Stats

 Plays Quiz Updated Jul 16, 2017

Support Sporcle.
Go Orange.
Score 0/12 Timer 06:00
5 Plays Today
% Correct
H - Pharmacy
81.2%
O - Woodwind
80.7%
J - Adjusted
80.5%
V - Oversize
80.5%
N - Brownies
78.4%
A - Headache
78.2%
U - Thunders
78%
I - Creative
77.3%
M - Flamingo
75.2%
Z - Zeppelin
73.8%
E - Inedible
72.6%
P - Metaphor
70.3%

You're not logged in!

Compare scores with friends on all Sporcle quizzes.
OR
Log In
Forgot?

From the Vault

A-Z Keypad Blitz

by jmatt22397

Just play this game to find your blitz.
Remove Ads.
Support Sporcle.
Get the best of Sporcle when you Go Orange. This ad-free experience offers more features, more stats, and more fun while also helping to support Sporcle. Thank you for becoming a member.

Show Comments

Extras

Top Quizzes Today


Score Distribution

Your Account Isn't Verified!

In order to create a playlist on Sporcle, you need to verify the email address you used during registration. Go to your Sporcle Settings to finish the process.

Report this User

Report this user for behavior that violates our Community Guidelines.

Details: